Central Library OPAC University of Rajshahi

On teaching mathematics : (Record no. 52068)

MARC details
000 -LEADER
fixed length control field 01080nam a2200265 a 4500
001 - CONTROL NUMBER
control field 52068
003 - CONTROL NUMBER IDENTIFIER
rucl marc code BD-RjUL
005 - DATE AND TIME OF LATEST TRANSACTION
control field 20211209075741.0
008 - FIXED-LENGTH DATA ELEMENTS--GENERAL INFORMATION
fixed length control field 160905s1961 nyua b 100 0 eng
035 ## - SYSTEM CONTROL NUMBER
System control number (BD-RjUL)52188
System control number (OCoLC)817145
040 ## - CATALOGING SOURCE
Original cataloging agency DLC
Transcribing agency OYU
Modifying agency OCoLC
-- DLC
-- BD-RjUL
Language of cataloging eng
041 ## - LANGUAGE CODE
Language code of text/sound track or separate title eng
082 ## - DEWEY DECIMAL CLASSIFICATION NUMBER
Edition number 23
Classification number 510.71
111 2# - MAIN ENTRY--MEETING NAME
Meeting name or jurisdiction name as entry element Southampton Mathematical Conference
Date of meeting (1961)
9 (RLIN) 155722
245 10 - TITLE STATEMENT
Title On teaching mathematics :
Remainder of title a report on some present-day problems in the teaching of mathematics /
Statement of responsibility, etc. being the outcome of discussions and lectures at the Southampton Mathematical Conference 1961; under the chairmanship of Bryan Thwaites.
260 ## - PUBLICATION, DISTRIBUTION, ETC. (IMPRINT)
Place of publication, distribution, etc. New York :
Name of publisher, distributor, etc. Pergamon Press,
Date of publication, distribution, etc. 1961.
300 ## - PHYSICAL DESCRIPTION
Pagination xxiv, 116 p. :
Illustrations diagrs.
Size 20 cm.
504 ## - BIBLIOGRAPHY, ETC. NOTE
Bibliography, etc Includes bibliographies.
650 #0 - SUBJECT ADDED ENTRY--TOPICAL TERM
Topical term or geographic name as entry element Mathematics
General subdivision Study and teaching
Form subdivision Congresses.
9 (RLIN) 155724
700 1# - ADDED ENTRY--PERSONAL NAME
Personal name Thwaites, Bryan.
942 ## - ADDED ENTRY ELEMENTS (KOHA)
Source of classification or shelving scheme Dewey Decimal Classification
Koha item type Books
Holdings
Lost status Source of classification or shelving scheme Damaged status Not for loan Collection code Permanent Location Current Location Shelving location Date acquired Source of acquisition Total Checkouts Full call number Date last seen Copy number Koha item type
  Dewey Decimal Classification   Not For Loan Non-fiction Central Library, University of Rajshahi Central Library, University of Rajshahi Reading Room 13/08/1965 unknown   510.71 SOO 1961 05/09/2016 C-1 Books